| 000 | 01281nam a22002417a 4500 | ||
|---|---|---|---|
| 005 | 20120411115531.0 | ||
| 010 | _aENG-105095 B-490315-316 | ||
| 020 |
_a9788183822824 _c150.00 |
||
| 035 | _aEN-88628 B-490315-316 | ||
| 037 | _bDBAD/PUB | ||
| 037 | _bPrabhat Prakashan/Ven | ||
| 082 | _a658.84 | ||
| 100 |
_aMahapatra, Arun _955098 |
||
| 245 |
_aNetwork marketing / _cby Arun Mahapatra |
||
| 260 |
_aNew Delhi _bLotus Press _c2012 |
||
| 270 |
_a4735/22,Prakash Deep Building,Ansari Road,Darya Ganj, _bNew Delhi _e110002 |
||
| 300 |
_a200p. _c22cm(pbk) |
||
| 942 |
_2ddc _cEN _mMAH _h658.84 |
||
| 999 |
_c65569 _d65569 |
||